| 000 | 00731nam a22002417a 4500 | ||
|---|---|---|---|
| 999 |
_c5534 _d5534 |
||
| 003 | AR-CdUCM | ||
| 008 | 190312b ||||| |||| 00| 0 spa d | ||
| 020 | _a84-8280-168-8 | ||
| 040 |
_aMUNICIPALIDAD PROVINCIAL DEL CUSCO _cBIBLIOTECA MUNICIPAL DEL CUSCO |
||
| 082 |
_a828 / _bM26 |
||
| 100 |
_aMarlowe, Christopher _916588 |
||
| 245 | _aTragedias / | ||
| 260 |
_aBogota : _bLa Oveja Negra, _bProyectos Editoriales, _c1983. |
||
| 300 |
_a279 paginas ; _c18cm. |
||
| 440 |
_aHistoria Universal de la Literatura _n68 _916589 |
||
| 650 |
_aTeatro Historico _916590 |
||
| 650 |
_aInglaterra _91396 |
||
| 650 |
_aLiteratura _983 |
||
| 650 |
_aHistoria _9136 |
||
| 700 |
_aDe Luaces, G _916591 |
||
| 942 |
_2ddc _cLIBROS |
||
| 945 | _apjha | ||